01381nam a2200325 a 4500001000200000003000900002005001700011007001000028008004100038020001800079040002200097082002800119100003000147245016600177260003900343300002800382500006000410501005900470590002600529650003600555650003400591650003600625700003200661700002400693910004900717942001200766952012800778952013400906999001501040 DO-SdBNP20220315080441.0000023932110117s2010 dr a 000 j spa d a9789945460582 aBPMSUbspacBPMSU aRD863.44bG861s 2012221 aGrimaldi Silié, Eleanor13aEl sueño de Penélope ;bcuentos y poemas infantiles y juveniles /cEleanor Grimaldi Silié , Enrique Pérez Díaz ; ilustradores Werner Olmos ... [et al.] 8Santo Domingo :bSantuario,c2010. a129 p. :bil. ;c21 cm. aIncluye datos biográficos de la autora en las solapas aPublicado con: Cuentos y poemas infantiles y juveniles 6Inventariado, 2022/VM 4aCuentos infantiles dominicanos  4aPoesía infantil dominicana  4aLiteratura infantil dominicana 1 aPéerez Díaz, Enriquet 1 aOlmos, Werner,eil. aVMateo V. / Validado. Control de calidad MFF 2ddccBK 00102ddc40708CI-DaBPMETbBPMETd2015-05-01l0oBPMSU CID RD863.44 G861s2010pBPMSU15051503r2015-05-01w2015-05-01yBK 00102ddc40708CI-DaBPMETbBPMETd2015-05-01l0oBPMSU CID RD863.44 G861s2010pBPMUS15051504r2015-05-01te. 2w2015-05-01yBK c7767d7767